000 00321nam a2200145Ia 4500
008 230718s9999 xx 000 0 und d
041 _aEng.
082 _a33.89
_bAYU-H
100 _aAyub
245 0 _aHum garib Ku?
260 _aPakistan
_bJamhori Publications
_c2017
300 _a221
650 _aLaw
999 _c31611
_d31611